[Event "Barcelona Sant Marti op-B 4th"]
[Site "Barcelona"]
[Date "2015.02.26"]
[Round "7"]
[White "Cano Sevila, Ivan"]
[Black "Rebull Camarasa, Ramon"]
[Result "1-0"]
[WhiteElo "2029"]
[BlackElo "2047"]
[PlyCount "77"]
[EventDate "2015.01.15"]
[EventType "swiss"]
[EventRounds "9"]
[EventCountry "ESP"]
[SourceTitle "EXT 2016"]
[Source "ChessBase"]
[SourceDate "2015.10.08"]
[SourceVersion "1"]
[SourceVersionDate "2015.10.08"]
[SourceQuality "1"]

1. d4 c5 2. d5 Nf6 3. c4 b5 4. cxb5 a6 5. b6 d6 6. Nc3 Nbd7 7. e4 g6 8. h3 Bg7 9. Nf3 Bb7 10. Bd3 0-0 11. 0-0 Nxb6 12. Bg5 h6 13. Bh4 Qc7 14. Re1 e6 15. dxe6 fxe6 16. e5 Nh5 17. exd6 Qxd6 18. Bxg6 Qxd1 19. Raxd1 Nf4 20. Be4 Bxe4 21. Rxe4 Nxh3+ 22. Kh2 Nf4 23. Be7 Rf7 24. Bxc5 Nbd5 25. Bd4 Raf8 26. Ne5 Rb7 27. g3 Nxc3 28. Bxc3 Nd5 29. Kg2 Nxc3 30. bxc3 Rb2 31. Nd3 Rxa2 32. Rxe6 Bxc3 33. Rxh6 Bd4 34. Rg6+ Bg7 35. Nf4 Rf6 36. Rd8+ Kh7 37. Rg4 Rf7 38. Rh4+ Bh6 39. Rd6 1-0

[Event "Barcelona Ateneu Colon op 6th"]
[Site "Barcelona"]
[Date "2011.05.17"]
[Round "4"]
[White "Rebull Camarasa, Ramon"]
[Black "Munoz Igual, Xavier"]
[Result "1-0"]
[WhiteElo "1852"]
[BlackElo "2087"]
[PlyCount "63"]
[EventDate "2011.04.26"]
[EventType "swiss"]
[EventRounds "9"]
[EventCountry "ESP"]
[SourceTitle "EXT 2012"]
[Source "ChessBase"]
[SourceDate "2011.11.24"]
[SourceVersion "1"]
[SourceVersionDate "2011.11.24"]
[SourceQuality "1"]

1. e4 e6 2. d4 d5 3. Nd2 a6 4. exd5 exd5 5. Ngf3 Bd6 6. c4 c6 7. Bd3 Ne7 8. 0-0 Bf5 9. Qc2 Bxd3 10. Qxd3 0-0 11. c5 Bc7 12. Ng5 Ng6 13. Ndf3 h6 14. Ne6 fxe6 15. Qxg6 Qf6 16. Qxf6 Rxf6 17. b4 a5 18. Rb1 axb4 19. Rxb4 Ra7 20. Rb2 Nd7 21. Be3 Rf8 22. Rfb1 Rb8 23. Nh4 b5 24. cxb6 Rxb6 25. Ng6 Rba6 26. g3 Kf7 27. Nf4 Nb6 28. Nd3 Nc4 29. Rb7 Kf6 30. Rxa7 Rxa7 31. Nb4 Rb7 32. Nxd5+ 1-0

[Event "Cerdanyola del Valles op 28th"]
[Site "Cerdanyola del Valles"]
[Date "2010.11.13"]
[Round "7"]
[White "Rebull Camarasa, Ramon"]
[Black "Garcia Castany Musellas, Gal La"]
[Result "1/2-1/2"]
[WhiteElo "1857"]
[BlackElo "1768"]
[PlyCount "57"]
[EventDate "2010.10.02"]
[EventType "swiss"]
[EventRounds "7"]
[EventCountry "ESP"]
[SourceTitle "EXT 2012"]
[Source "ChessBase"]
[SourceDate "2011.11.24"]
[SourceVersion "1"]
[SourceVersionDate "2011.11.24"]
[SourceQuality "1"]

1. e4 e5 2. Nf3 Nc6 3. d4 exd4 4. Nxd4 Bb4+ 5. c3 Bc5 6. Be3 Bb6 7. Nd2 Nge7 8. Nc4 Bxd4 9. Bxd4 0-0 10. Bd3 Nxd4 11. cxd4 d5 12. Ne3 dxe4 13. Bxe4 f5 14. Bd3 f4 15. Ng4 Bxg4 16. Qxg4 Qxd4 17. Qe6+ Kh8 18. 0-0-0 Qc5+ 19. Kb1 Rae8 20. Rc1 Qd4 21. Qh3 h6 22. Rxc7 f3 23. Rd7 fxg2 24. Rg1 Qxf2 25. Qxg2 Qxg2 26. Rxg2 Nf5 27. Bxf5 Rxf5 28. Rxb7 Rg5 29. Rxg5 1/2-1/2

[Event "Cerdanyola del Valles op 28th"]
[Site "Cerdanyola del Valles"]
[Date "2010.11.06"]
[Round "6"]
[White "Rebull Camarasa, Ramon"]
[Black "Ritter Aguilar, Jordi"]
[Result "0-1"]
[WhiteElo "1857"]
[BlackElo "1969"]
[PlyCount "60"]
[EventDate "2010.10.02"]
[EventType "swiss"]
[EventRounds "7"]
[EventCountry "ESP"]
[SourceTitle "EXT 2012"]
[Source "ChessBase"]
[SourceDate "2011.11.24"]
[SourceVersion "1"]
[SourceVersionDate "2011.11.24"]
[SourceQuality "1"]

1. e4 e5 2. Nf3 Nc6 3. d4 exd4 4. Nxd4 Qh4 5. Nb5 Bc5 6. Qf3 Qd8 7. Qg3 Nf6 8. Nxc7+ Kf8 9. Bd3 Rb8 10. 0-0 d6 11. Nb5 Be6 12. Bf4 Ne8 13. Nd2 a6 14. Nc3 b5 15. Nb3 Ba7 16. Rfd1 f6 17. Be2 Ne5 18. Rd2 h5 19. Bxe5 fxe5 20. Rad1 Qf6 21. Nd5 Bxd5 22. Rxd5 Ke7 23. Na5 Rc8 24. c3 Rf8 25. Qf3 Qe6 26. Qxh5 Rxf2 27. Qg5+ Qf6 28. Qxf6+ Nxf6 29. Rxd6 Rxe2+ 30. Kh1 Nxe4 0-1

[Event "Barcelona La Lira-A 13th"]
[Site "Barcelona"]
[Date "2010.08.01"]
[Round "9"]
[White "Rebull Camarasa, Ramon"]
[Black "Ramos Alvarez, Maximo"]
[Result "1-0"]
[WhiteElo "1835"]
[BlackElo "1870"]
[PlyCount "29"]
[EventDate "2010.07.24"]
[EventType "tourn"]
[EventRounds "9"]
[EventCountry "ESP"]
[SourceTitle "EXT 2011"]
[Source "ChessBase"]
[SourceDate "2010.11.26"]
[SourceVersion "1"]
[SourceVersionDate "2010.11.26"]
[SourceQuality "1"]

1. e4 c5 2. Nc3 Nc6 3. f4 g6 4. Nf3 Bg7 5. Bc4 e6 6. f5 exf5 7. d3 Nge7 8. 0-0 fxe4 9. dxe4 d6 10. Ng5 Bd4+ 11. Kh1 Ne5 12. Bxf7+ Kd7 13. Nd5 Nxd5 14. Bxd5 c4 15. Qxd4 1-0

[Event "Barcelona Ateneu Colon op 4th"]
[Site "Barcelona"]
[Date "2009.05.19"]
[Round "5"]
[White "Rebull Camarasa, Ramon"]
[Black "Riera Danes, Manel"]
[Result "1-0"]
[WhiteElo "1755"]
[BlackElo "2062"]
[PlyCount "85"]
[EventDate "2009.04.21"]
[EventType "swiss"]
[EventRounds "9"]
[EventCountry "ESP"]
[SourceTitle "EXT 2011"]
[Source "ChessBase"]
[SourceDate "2010.11.26"]
[SourceVersion "1"]
[SourceVersionDate "2010.11.26"]
[SourceQuality "1"]

1. e4 c5 2. Nc3 Nc6 3. f4 g6 4. Nf3 Bg7 5. Bc4 e6 6. f5 Nge7 7. fxe6 dxe6 8. 0-0 0-0 9. d3 a6 10. a4 Nd4 11. a5 Nec6 12. Na4 Qxa5 13. Bd2 Qc7 14. Nxc5 Nxf3+ 15. Qxf3 Bd4+ 16. Be3 Ne5 17. Qf4 Qxc5 18. Rae1 Nxc4 19. dxc4 Bxe3+ 20. Rxe3 Qd4 21. Kh1 Qg7 22. Qc7 e5 23. Ref3 Bg4 24. Rf6 Rad8 25. h3 Bc8 26. Qxe5 Be6 27. c5 Rd7 28. b4 Rfd8 29. Kh2 Re7 30. c3 Rdd7 31. R1f2 Qh6 32. Qb8+ Qf8 33. Qf4 Qd8 34. h4 Qc7 35. e5 Rd5 36. Re2 Bc8 37. Rd6 Be6 38. c4 Rxc5 39. bxc5 Qxc5 40. Rd8+ Kg7 41. Qf6+ Kh6 42. Qg5+ Kg7 43. h5 1-0